000 00706nam a2200253Ia 4500
003 OSt
005 20220928103631.0
006 a|||||r|||| 00| 0
007 ta
008 220927b |||||||| |||| 00| 0 eng d
024 _a43213
037 _cTextual
040 _aSDCL
_cSDCL
_beng
041 _2eng
_aeng
082 _aV237'M<J, M5
100 _aShyamal Das
_9405964
245 0 _aVeer Vinod
260 _aJodhpur
_bRajthani Granthalaya
_c1985
300 _a232p
_ccm.
700 _a Gupta Beni Ed.
_9405965
700 _a Sharma Mathura Lal Ed.
_9405966
942 _hV237'M<J, M5
_cTEXL
_2CC
999 _c721571
_d721571